| 000 | 01317nam0a22003011 4500 | ||
|---|---|---|---|
| 001 | rc\2182059 | ||
| 005 | 20250623012608.0 | ||
| 035 | _a(NLR Aleph) 006509785 | ||
| 090 |
_a6318082 _c6318082 |
||
| 100 | _a20110829d1979 |||y0rusy50 ca | ||
| 101 | 0 | _arus | |
| 102 | _aRU | ||
| 105 | _ay z ||||| | ||
| 200 | 1 | _aЭкономический анализ производственной деятельности прудовых хозяйств РСФСР в 1976-1977 гг. | |
| 210 |
_aМосква _cЦНИИТЭИРХ _d1979 |
||
| 215 |
_a84 с. _d20 |
||
| 300 | _aВ надзаг.: ЦНИИ информ. и техн.-экон. исслед. рыб. хоз-ва | ||
| 300 | _aАвт. указаны на 1-й с. | ||
| 320 | _aБиблиогр.: с. 75 (5 назв.) | ||
| 606 |
_aРыбоводные хозяйства _xАнализ хозяйственной деятельности _2psbo |
||
| 700 | 1 |
_aКазанов _bД.Х. _gДжамалудин Хаджиевич |
|
| 701 | 1 |
_aКерашев _bМ.А. _gМирзакан Аминович |
|
| 712 | 0 | 2 |
_aЦНИИ информации и техн.-экон. исследований рыбного хозяйства _cМосква |
| 801 | 0 |
_aRU _bNLR _gpsbo |
|
| 801 | 1 |
_aRU _bELAR _2rusmarc |
|
| 852 |
_aNLR _j79-4/26582 |
||
| 942 | _cBOOK | ||
| 980 | _aNB | ||